Pedro Pablo Rubens, 1577-1640 /

El barroco y Rubens. Sus figuras: el manejo de la forma. La vitalidad. La inclusión del arte religioso y la continuidad de los tópicos protestantes.

Guardado en:
Autor Corporativo: Efe Tv.
Formato: Deslizar
Series:Colecciones del Museo del Prado
Materias:
Etiquetas: Agregar Etiqueta
Sin Etiquetas, Sea el primero en etiquetar este registro!
LEADER 00943ngm a22002655g 4500
001 CEM.cems021463
008 130507b1992##################0###0#####d
005 20240826135013.0
245 1 0 |a Pedro Pablo Rubens, 1577-1640 /  |c Efe Tv. 
300 |a 26 
490 0 |a Colecciones del Museo del Prado 
500 |a En soporte VHS, consultar en ventanilla. 
538 |a Soporte: VHS - Norma: Pal N - Color - Intercambio Drd 1992 - Hitachi=3263. 
520 |a El barroco y Rubens. Sus figuras: el manejo de la forma. La vitalidad. La inclusión del arte religioso y la continuidad de los tópicos protestantes. 
110 2 |a Efe Tv. 
082 7 5 |/ COL 
653 |a NIVEL SECUNDARIO 
653 |a PINTURA ESPAÑOLA 
653 |a RUBENS, PEDRO PABLO 
653 |a BARROCO 
653 |a ESPAÑA 
653 |a ESPAÑA-ARTE 
653 |a PINTURA 
653 |a ARTE RELIGIOSO 
859 |a CEMS  |b BIB. CEMS - Depto. Recursos Didacticos  |h 759  |i COL  |k DRD  |p 106.12  |t Ej.1